00594nam a2200181Ia 4500003000400000005001700004008004100021020001800062040001300080041000900093080002400102100002200126245012900148260003100277300002700308504005600335650002100391SEM20220608072433.0141116s9999 xx 000 0 eng d a9780615589602 aSEMcSEM aeng. a947.925(084.1)/N-31 aNavasargian Alice 4aThe Immortals.bA pictorial anthology of historiographic works and a brief history of armenians in Persia. /cA. Navasargian aCalifornia:bs. n.,c2012. a530 p.;bphoto;c33 cm aBibliographical references and index p.: 526 - 527  aArmenian history